University Home | Library Home | Institutional Repository

Manufacturing and materials handling index. (Record no. 170576)

MARC details
000 -LEADER
fixed length control field 00559cam8a220018100 4500
001 - CONTROL NUMBER
control field tmp15704612
003 - CONTROL NUMBER IDENTIFIER
control field UPRA
005 - DATE AND TIME OF LATEST TRANSACTION
control field 20190826200444.0
008 - FIXED-LENGTH DATA ELEMENTS--GENERAL INFORMATION
fixed length control field 951007s1981 enk eng u
035 ## - SYSTEM CONTROL NUMBER
System control number (Sirsi) r63650
035 ## - SYSTEM CONTROL NUMBER
System control number (UPRA)tmp15704612
040 ## - CATALOGING SOURCE
Transcribing agency UPRA
245 00 - TITLE STATEMENT
Title Manufacturing and materials handling index.
260 ## - PUBLICATION, DISTRIBUTION, ETC.
Place of publication, distribution, etc. Berkshire :
Name of publisher, distributor, etc. Technical Indexes,
Date of publication, distribution, etc. 1981.
650 #0 - SUBJECT ADDED ENTRY--TOPICAL TERM
Topical term or geographic name entry element Manufacturing processes -- Indexes.
General subdivision Manufacturing processes -- Indexes.
Linkage S16711.1
949 ## - LOCAL PROCESSING INFORMATION (OCLC)
a HD9000.65
w lcc
i -84631
m MAIN
t BOOK
l ON-SHELF

No items available.

© 2026 - The University of Zambia Library - Koha v25.11